Bedminton - predmet výučby na Ekonomickej univerzite Bratislava

Na minha lista:
Detalhes bibliográficos
Autor principal: Orviský, Saša, 1960-
Formato: Capítulo de Livro
Idioma:eslovaco
Assuntos:
Tags: Adicionar Tag
Sem tags, seja o primeiro a adicionar uma tag!

MARC

LEADER 00000naa$a2200000$$$4500
001 0306607
005 20251028104310.8
041 0 |a slo 
044 |a SK 
245 1 0 |a Bedminton - predmet výučby na Ekonomickej univerzite Bratislava  |c Saša Orviský 
500 |a Abstrakt 
610 2 0 |a šport 
610 2 0 |a študenti 
610 2 0 |a školy vysoké 
610 2 0 |a manažment 
610 2 0 |a zručnosti 
610 2 0 |a hry 
100 1 |a Orviský, Saša, 1960-